[Event "Mittelfranken Landesliga Sued 2122"]
[Site "Mittelfranken"]
[Date "2022.03.20"]
[Round "4.5"]
[White "Tebelmann, Lars"]
[Black "Gradwohl, Manfred"]
[Result "1/2-1/2"]
[WhiteElo "2041"]
[BlackElo "1995"]
[PlyCount "63"]
[EventDate "2021.10.24"]
[EventType "team-tourn"]
[EventRounds "9"]
[EventCountry "GER"]
[SourceTitle "EXT 2024"]
[Source "ChessBase"]
[SourceDate "2023.10.10"]
[SourceVersion "1"]
[SourceVersionDate "2023.10.10"]
[SourceQuality "1"]
[WhiteTeam "Muenchen Zugzwang II"]
[BlackTeam "Garching II"]
[WhiteTeamCountry "GER"]
[BlackTeamCountry "GER"]

1. Nf3 c5 2. c4 Nf6 3. b3 g6 4. Bb2 Bg7 5. g3 0-0 6. Bg2 Nc6 7. 0-0 d6 8. d4 cxd4 9. Nxd4 Bd7 10. Nc2 Rb8 11. Nc3 a6 12. Nd5 Nxd5 13. Bxg7 Ne3 14. Nxe3 Kxg7 15. Rc1 Qa5 16. Qc2 Qc5 17. Rfd1 Be6 18. Qb2+ Kg8 19. Nd5 Rfe8 20. b4 Qa7 21. Nc7 Rec8 22. Nxe6 fxe6 23. c5 Ne5 24. cxd6 exd6 25. Rxd6 Nc4 26. Qb3 Nxd6 27. Qxe6+ Kg7 28. Qe5+ Kh6 29. Qf4+ Kg7 30. Qe5+ Kh6 31. Qf4+ Kg7 32. Qe5+ 1/2-1/2

[Event "BL2-Ost 1920"]
[Site "Germany"]
[Date "2021.08.07"]
[Round "9.8"]
[White "Tebelmann, Lars"]
[Black "Cerveny, Martin"]
[Result "0-1"]
[WhiteElo "2027"]
[BlackElo "2406"]
[PlyCount "70"]
[EventDate "2019.10.19"]
[EventType "team-tourn"]
[EventRounds "11"]
[EventCountry "GER"]
[SourceTitle "EXT 2023"]
[Source "ChessBase"]
[SourceDate "2022.10.05"]
[SourceVersion "1"]
[SourceVersionDate "2022.10.05"]
[SourceQuality "1"]
[WhiteTeam "Zugzwang MSA"]
[BlackTeam "Nickelhuette Aue"]
[WhiteTeamCountry "GER"]
[BlackTeamCountry "GER"]

1. Nf3 d5 2. c4 c6 3. g3 Nf6 4. Bg2 dxc4 5. a4 a5 6. Na3 Qd5 7. 0-0 Be6 8. b3 cxb3 9. d3 Qd8 10. Ng5 Bc8 11. Nc4 h6 12. Ne4 Nxe4 13. Bxe4 e6 14. Bf4 Bb4 15. Qc1 Nd7 16. d4 Nf6 17. Bg2 0-0 18. Rb1 Bd7 19. Ne5 Rc8 20. Rxb3 b5 21. g4 Nh7 22. h4 Be8 23. h5 c5 24. dxc5 bxa4 25. Rg3 Rxc5 26. Qe3 Rc3 27. Qe4 Rxg3 28. Bxg3 Bb5 29. f4 a3 30. f5 Ng5 31. Qb7 Bxe2 32. Rc1 a2 33. Nc6 Qd2 34. Ra1 Qb2 35. Be5 Bc5+ 0-1

[Event "GER-ch Net blitz qual3"]
[Site "Playchess.com INT"]
[Date "2021.05.07"]
[Round "9"]
[White "Ochs, Daniel Elias"]
[Black "Tebelmann, Lars"]
[Result "1-0"]
[WhiteElo "2130"]
[BlackElo "1802"]
[PlyCount "125"]
[EventDate "2021.05.07"]
[EventType "swiss (blitz)"]
[EventRounds "11"]
[EventCountry "GER"]
[SourceTitle "CBM 202 Extra"]
[Source "ChessBase"]
[SourceDate "2021.07.31"]
[SourceVersion "1"]
[SourceVersionDate "2021.07.31"]
[SourceQuality "1"]

1. d4 e6 2. c4 d5 3. Nf3 c5 4. cxd5 exd5 5. g3 Nc6 6. Bg2 Nf6 7. 0-0 Be7 8. Nc3 0-0 9. Bf4 h6 10. Rc1 Be6 11. dxc5 Bxc5 12. Ne5 Rc8 13. Qd2 Bb4 14. a3 Ba5 15. b4 Bc7 16. Nxc6 bxc6 17. Na4 Bb6 18. e3 Re8 19. Be5 Bf5 20. Bd4 Be4 21. Qb2 Bxg2 22. Bxf6 Qxf6 23. Qxf6 gxf6 24. Kxg2 Re6 25. Nc5 Re7 26. Rfd1 a5 27. Nd3 axb4 28. Nxb4 Re6 29. Nxd5 Ba5 30. Nf4 Re7 31. Rc5 Bb6 32. Rc4 Ra7 33. Rdc1 Rxa3 34. Rxc6 Rxc6 35. Rxc6 Ba5 36. Rxf6 Kg7 37. Nh5+ Kg8 38. Rxh6 Bd8 39. Rd6 Be7 40. Rd7 Bb4 41. Rd4 Bc3 42. Rd3 Bb2 43. Rxa3 Bxa3 44. Kf3 Bb2 45. Kg4 Bc3 46. Kf5 Kh7 47. f3 Bd2 48. e4 Bc3 49. Nf4 Kg7 50. h4 Be1 51. Ne2 Bf2 52. h5 Be1 53. g4 Bh4 54. Nf4 Bd8 55. Nd5 Bh4 56. g5 Be1 57. h6+ Kh7 58. Kf6 Bd2 59. f4 Kg8 60. Ne7+ Kh7 61. Kxf7 Bxf4 62. g6+ Kxh6 63. g7 1-0

[Event "Regionalliga Sued-West 1718"]
[Site "Bayern"]
[Date "2018.01.21"]
[Round "5.7"]
[White "Tebelmann, Lars"]
[Black "Lux, Werner"]
[Result "0-1"]
[WhiteElo "2008"]
[BlackElo "1992"]
[PlyCount "70"]
[EventDate "2017.10.22"]
[EventType "team-tourn"]
[EventRounds "9"]
[EventCountry "GER"]
[SourceTitle "EXT 2022"]
[Source "ChessBase"]
[SourceDate "2021.10.06"]
[SourceVersion "1"]
[SourceVersionDate "2021.10.06"]
[SourceQuality "1"]
[WhiteTeam "Zugzwang MSA II"]
[BlackTeam "Tuerkheim/Bad Woerishofen"]
[WhiteTeamCountry "GER"]
[BlackTeamCountry "GER"]

1. d4 Nf6 2. Nc3 d5 3. Bg5 Bf5 4. Bxf6 exf6 5. e3 c6 6. Bd3 Qd7 7. f3 Bb4 8. Nge2 0-0 9. 0-0 Bxd3 10. Qxd3 f5 11. Ng3 g6 12. e4 fxe4 13. fxe4 Na6 14. a3 Ba5 15. b4 Bb6 16. e5 Qg4 17. Nce2 Nc7 18. Rf4 Qg5 19. Kh1 Ne6 20. Rf3 a5 21. Raf1 axb4 22. axb4 Ra4 23. c3 Ra3 24. Nf5 Ra2 25. Ne3 Bc7 26. c4 Rxe2 27. cxd5 Rxe3 28. Rxe3 cxd5 29. Rg3 Qe7 30. Qb5 Nxd4 31. Qxd5 Qxe5 32. Qxb7 Qe2 33. Rgf3 Nxf3 34. Qxf3 Qxf3 35. Rxf3 Rb8 0-1

[Event "Regionalliga SW 1617"]
[Site "Bayern"]
[Date "2017.04.30"]
[Round "9.3"]
[White "Tebelmann, Lars"]
[Black "Zinke, Thomas"]
[Result "1/2-1/2"]
[WhiteElo "1995"]
[BlackElo "1927"]
[PlyCount "104"]
[EventDate "2016.10.16"]
[EventType "team-tourn"]
[EventRounds "9"]
[EventCountry "GER"]
[SourceTitle "EXT 2019"]
[Source "ChessBase"]
[SourceDate "2018.10.10"]
[SourceVersion "1"]
[SourceVersionDate "2018.10.10"]
[SourceQuality "1"]
[WhiteTeam "MSA Zugzwang II"]
[BlackTeam "Muenchen Suedost II"]
[WhiteTeamCountry "GER"]
[BlackTeamCountry "GER"]

1. d4 Nf6 2. Nc3 d5 3. Bg5 c5 4. Bxf6 gxf6 5. e3 e6 6. Qh5 Nc6 7. Nf3 Bd7 8. Bb5 a6 9. Bxc6 Bxc6 10. 0-0 Qc7 11. Rfe1 0-0-0 12. Rab1 Bd6 13. dxc5 Bxc5 14. b4 d4 15. Qxc5 Bxf3 16. gxf3 Qxc5 17. bxc5 dxc3 18. Rb3 Kc7 19. Reb1 Rd2 20. Rxc3 Rhd8 21. Rcb3 Rd1+ 22. Kg2 Rxb1 23. Rxb1 Rd2 24. Rc1 Kc6 25. Kf1 Kxc5 26. Ke1 Rd5 27. Ke2 Rh5 28. Rg1 Rg5 29. Rd1 Kc6 30. f4 Ra5 31. Ra1 Kc5 32. Kd3 f5 33. h4 b5 34. h5 Ra3+ 35. Kd2 h6 36. Rg1 Rxa2 37. Rg7 b4 38. Rxf7 b3 39. Rb7 Rxc2+ 40. Kd3 Rxf2 41. Rxb3 Rh2 42. Ra3 Kb5 43. Rb3+ Ka4 44. Rb6 a5 45. Rxe6 Rxh5 46. Kc4 Rh1 47. Rf6 h5 48. Rxf5 h4 49. Rh5 h3 50. Kd5 h2 51. Ke6 Re1 52. Rxh2 Rxe3+ 1/2-1/2